Sports Quiz

Random Sports or City Quiz

State Capitals with Big 4 Teams Quiz Stats

 Plays Quiz Updated Sep 19, 2018

Score 0/12 Timer 03:00
10 Plays Today
% Correct
Sacramento, CA
Kings (NBA)
90.6%
Phoenix, AZ
Diamondbacks (MLB)
Suns (NBA)
78%
Denver, CO
Rockies (MLB)
Nuggets (NBA)
Broncos (NFL)
Avalanche (NHL)
75.4%
Atlanta, GA
Hawks (NBA)
Falcons (NFL)
75.3%
Boston, MA
Red Sox (MLB)
Celtics (NBA)
Bruins (NHL)
72.8%
Indianapolis, IN
Pacers (NBA)
Colts (NFL)
70.2%
Columbus, OH
Blue Jackets
(NHL)
68.1%
St. Paul, MN
Wild (NHL)
66.4%
Nashville, TN
Titans (NFL)
Predators (NHL)
65.1%
Oklahoma City, OK
Thunder (NBA)
64.6%
Salt Lake
City, UT
Jazz (NBA)
63%
Raleigh, NC
Hurricanes (NHL)
58.3%

You're not logged in!

Compare scores with friends on all Sporcle quizzes.
OR
Log In

Sporcle TV

Today on Sporcle TV


Watch our educational content, quiz creation guides, and fun videos on Sporcle TV.

Show Comments

Extras

Top Quizzes Today


Score Distribution

Your Account Isn't Verified!

In order to create a playlist on Sporcle, you need to verify the email address you used during registration. Go to your Sporcle Settings to finish the process.

Report this User

Report this user for behavior that violates our Community Guidelines.

Details: